| 000 | 01225nam a2200241Ia 4500 | ||
|---|---|---|---|
| 003 | Ost | ||
| 005 | 20260416102352.0 | ||
| 008 | 260416s9999||||xx |||||||||||||| ||und|| | ||
| 040 | _cfsecg | ||
| 041 | _aara | ||
| 082 | _a657.46 | ||
| 100 |
_aكرمية، نسرين _eمؤلف |
||
| 245 | 0 |
_aالمحاسبة التحليلية : _bمطبوعة محاضرات مع أمثلة / _c نسرين كرمية |
|
| 260 |
_aالجزائر _bجامعة الجزائر3: كلية العلوم الإقتصادية، العلوم التجارية وعلوم التسيير _c2017 |
||
| 300 |
_a73 ورقة _bايضاحات _c30 سم |
||
| 504 | _aمراجع ص.71 | ||
| 520 | _aمدخل ومفاهيم عامة للمحاسبة التحليلية، التكاليف وتركيبة الأعباء، طرق التكاليف التقليدية، مدخل إلى نظام التكلفة على أساس النشاط ABC | ||
| 653 | _aالمحاسبة | ||
| 653 | _aالمحاسبة التحليلية | ||
| 653 | _aمحاسبة التكاليف | ||
| 710 |
_aجامعة الجزائر3: كلية العلوم الإقتصادية، العلوم التجارية وعلوم التسيير _eناشر علمي |
||
| 942 | _cHANDOUT | ||
| 999 |
_c41066 _d41066 |
||